مكتبة جامعة عجلون الوطنية

فهرس بحث المكتبة

Normal view MARC view
  • تاليف جيرهارت، بيل؛ ترجمة أحمد سلامة

Entry Personal Name

Number of records used in: 1

001 - CONTROL NUMBER

  • control field: 34922

003 - CONTROL NUMBER IDENTIFIER

  • control field: JO-AjAnu

005 - DATE AND TIME OF LATEST TRANSACTION

  • control field: 20230606075838.0

008 - FIXED-LENGTH DATA ELEMENTS

  • fixed length control field: 230606|| aca||aabn | a|a d

040 ## - CATALOGING SOURCE

  • Original cataloging agency: JO-AjAnu
  • Transcribing agency: JO-AjAnu

100 ## - HEADING--PERSONAL NAME

  • Personal name: تاليف جيرهارت، بيل؛ ترجمة أحمد سلامة

670 ## - SOURCE DATA FOUND

  • Source citation: Work cat.: (JO-AjAnu)17934: تاليف جيرهارت، بيل؛ ترجمة أحمد سلامة, author, تعليم المعوقين